000 00528nam a2200145Ia 4500
008 220216s9999 xx 000 0 und d
100 _aNair N.R.
245 2 _aA survey on the quality of sheet rubber from Kerala
260 _bIn: Preprints of Papers. International Natural Rubber Conference, India 2005, 6-8 November 2005, Rubber Research Institute of India, Kottayam, Kerala, India, pp. 442-446.
_c2005
650 _aKerala
650 _aSheet rubber quality
700 _aNair R.B.
700 _aThomas K.T.
942 _cBS
999 _c52727
_d52727